Campeões da Champions League - Statistics

Estatísticas Gerais
  • Esse quiz foi jogado 130 vezes
  • A pontuação média é 18 de 24
Answers on the Grid
Answers color-coded by a green-red scale on the quiz's grid according to % correct below.
Real Madrid
PSG
Barcelona
Manchester City
Liverpool
Chelsea
Manchester United
Marseille
Juventus
Internazionale
Bayern de Munique
Borussia Dortmund
Aston Villa
Nottingham Forest
Hamburgo
Steaua Bucareste
Benfica
Porto
Ajax
Estrela Vermelha
Celtic
Milan
PSV
Feyenoord
Arsenal
Atlético de Madrid
Tottenham
Roma
Sevilla
Lazio
Lyon
Olympiacos
 
Estatísticas das Respostas
Resposta % Correto
Manchester City
88%
Bayern de Munique
80%
Chelsea
80%
Manchester United
80%
Ajax
78%
Internazionale
78%
Real Madrid
78%
Barcelona
77%
Milan
77%
Porto
77%
PSG
77%
Juventus
75%
Nottingham Forest
73%
Benfica
72%
Liverpool
72%
Estrela Vermelha
70%
Aston Villa
68%
Hamburgo
68%
PSV
68%
Borussia Dortmund
67%
Celtic
67%
Feyenoord
65%
Marseille
65%
Steaua Bucareste
63%
Nenhum quiz correspondente encontrado
Distribuição das Pontuações
Porcentagem de Pessoas com Cada Pontuação
Percentil de Números Respondidos
Sua Pontuação Histórica
Você não jogou esse quiz